[Event "Titled Tue 10th Jun Late"]
[Site "chess.com INT"]
[Date "2025.06.10"]
[Round "1"]
[White "Araujo Filho, Luiz Antonio Coel"]
[Black "Asish Panda"]
[Result "1-0"]
[WhiteElo "2077"]
[BlackElo "1911"]
[WhiteFideId "2130661"]
[BlackFideId "45012458"]
[EventDate "2025.06.10"]

1. d4 d5 2. Nf3 Nf6 3. e3 e6 4. Bd3 Be7 5. Nbd2 O-O 6. Qe2 b6 7. e4 dxe4 8. Nxe4
Bb7 9. O-O Nbd7 10. Neg5 h6 11. Nxe6 fxe6 12. Qxe6+ Rf7 13. Bc4 Qe8 14. Ne5 Nxe5
15. dxe5 Nh7 16. Qg6 Nf8 17. Qg3 Qc6 18. Bxf7+ Kxf7 19. Be3 Rd8 20. c3 Ne6 21.
Rad1 Rf8 22. f4 Bc5 23. Bxc5 Nxc5 24. f5 Ne4 25. Qg6+ Qxg6 26. fxg6+ Ke7 27.
Rxf8 Kxf8 28. Rd7 Ng5 29. Rxc7 Be4 30. h4 Ne6 31. Rf7+ Ke8 32. h5 a5 33. Ra7 Nf4
34. Rxg7 Nxh5 35. Rh7 Bxg6 36. Rxh6 Nf4 37. g3 Ne2+ 38. Kf2 Bd3 39. Rxb6 Nc1 40.
a3 Bc2 41. g4 a4 42. g5 Kf8 43. Kg3 Nd3 44. Kh4 1-0

[Event "Titled Tue 10th Jun Late"]
[Site "chess.com INT"]
[Date "2025.06.10"]
[Round "1"]
[White "Zhukovskyi, Oleksandr"]
[Black "Stefansson, Vignir Vatnar"]
[Result "0-1"]
[WhiteTitle "CM"]
[BlackTitle "GM"]
[WhiteElo "2145"]
[BlackElo "2515"]
[WhiteFideId "14169371"]
[BlackFideId "2308649"]
[EventDate "2025.06.10"]

1. b3 e5 2. Bb2 Nc6 3. c4 g6 4. Nf3 Bg7 5. g3 Nge7 6. Bg2 O-O 7. Nc3 d6 8. d3 h6
9. O-O Be6 10. e3 d5 11. cxd5 Nxd5 12. Nxd5 Bxd5 13. Qe2 Qe7 14. a4 a5 15. Nd2
Bxg2 16. Kxg2 Nb4 17. Nc4 b6 18. Rfd1 Rad8 19. Rd2 Rfe8 20. Rad1 Qe6 21. Ba3 Nd5
22. e4 Nc3 23. Qe3 Nxd1 24. Rxd1 Rd7 25. Qe2 Red8 26. Bb2 Kh7 27. f4 exf4 28.
Bxg7 Kxg7 29. gxf4 Rd4 30. Ne5 Qxb3 31. Nc6 Rxd3 32. Rxd3 Qxd3 33. Qb2+ Kh7 34.
Nxd8 Qxd8 35. Qc3 Qd7 36. Kg3 h5 37. h3 Kg8 38. Qb3 Qe6 39. Qc3 Qd7 40. Qb3 Qd4
41. e5 Kg7 42. e6 Qg1+ 43. Kf3 Qf1+ 44. Kg3 Qe1+ 45. Kf3 Qxe6 46. Qc3+ Kh7 47.
Qxc7 Qxh3+ 48. Ke4 Qe6+ 49. Kf3 h4 50. Qd8 Qh3+ 51. Kf2 Qg3+ 52. Ke2 Qxf4 53.
Qxb6 h3 54. Qg1 Qxa4 55. Qg3 Qc2+ 56. Ke1 Qe4+ 57. Kf2 Qg2+ 58. Qxg2 hxg2 59.
Kg1 a4 60. Kh2 a3 61. Kg1 a2 62. Kh2 a1=Q 63. Kxg2 Qc3 64. Kf2 Kh6 65. Kg2 Kg5
66. Kf2 Kf4 67. Kg2 Qg3+ 68. Kf1 Qh2 69. Ke1 Ke3 0-1

[Event "Titled Tue 10th Jun Late"]
[Site "chess.com INT"]
[Date "2025.06.10"]
[Round "1"]
[White "Yevchenko, Oleksandr"]
[Black "Naranjo Moreno, Antonio"]
[Result "1/2-1/2"]
[WhiteTitle "CM"]
[BlackTitle "FM"]
[WhiteElo "2276"]
[BlackElo "2289"]
[WhiteFideId "14108267"]
[BlackFideId "2278626"]
[EventDate "2025.06.10"]

1. c4 Nf6 2. Nc3 g6 3. d4 Bg7 4. e4 d6 5. h3 O-O 6. Be3 e5 7. d5 a5 8. g4 Na6 9.
Nge2 Nc5 10. Ng3 c6 11. Be2 cxd5 12. cxd5 Bd7 13. f3 h5 14. gxh5 Nxh5 15. Nxh5
Qh4+ 16. Bf2 Qxh5 17. f4 Qh6 18. f5 gxf5 19. exf5 Bxf5 20. Qd2 Qxd2+ 21. Kxd2
Bg6 22. h4 Bh6+ 23. Be3 Bxe3+ 24. Kxe3 f5 25. Rag1 Kf7 26. h5 f4+ 27. Kf2 Bf5
28. h6 Rg8 29. Rh5 Rxg1 30. Kxg1 Bg6 31. Rh4 Kf6 32. Nb5 Rd8 33. Kf1 Bf5 34. a3
Kg5 35. Rh5+ Kg6 36. h7 Rh8 37. Nxd6 Bc2 38. Rxe5 Rxh7 39. b4 Kf6 40. Re8 axb4
41. axb4 Bg6 42. Rb8 Ke5 43. bxc5 f3 44. Bxf3 Bd3+ 45. Kf2 Rh2+ 46. Ke3 Ba6 47.
Re8+ Kf6 48. Re6+ Kg7 49. Re7+ Kf6 50. Re6+ Kg7 51. Nf5+ Kf7 52. Nd6+ Kg7 1/2-1/2

[Event "Titled Tue 10th Jun Late"]
[Site "chess.com INT"]
[Date "2025.06.10"]
[Round "1"]
[White "Dilmukhametov, Artur"]
[Black "Morris-Suzuki, Alan H"]
[Result "0-1"]
[WhiteTitle "FM"]
[WhiteElo "2276"]
[BlackElo "1987"]
[WhiteFideId "24179922"]
[BlackFideId "30933218"]
[EventDate "2025.06.10"]

1. Nf3 Nf6 2. d4 g6 3. g3 Bg7 4. Bg2 c5 5. O-O cxd4 6. Nxd4 Nc6 7. e3 O-O 8. c4
d5 9. cxd5 Nxd5 10. Nxc6 bxc6 11. a3 Ba6 12. Re1 Qb6 13. Qc2 Rab8 14. e4 Nc7 15.
Bf4 e5 16. Be3 Qxb2 17. Qxb2 Rxb2 18. Bxa7 Nb5 19. Bc5 Rd8 20. a4 Nd4 21. Na3
Nb3 22. Be7 Rdd2 23. Rab1 Rxf2 24. Rxb2 Rxb2 25. Rb1 Rxb1+ 26. Nxb1 Bf8 27. Bf6
Bc5+ 28. Kh1 Bd3 29. Nc3 Bd4 30. Na2 Nc5 31. Nb4 Bxe4 32. Bxe4 Nxe4 33. Be7 c5
34. Nd5 c4 35. a5 c3 36. Nb4 f5 37. a6 Kf7 38. Bd8 Nd6 39. Bc7 Nb5 40. Bb8 Ke6
41. Kg2 Ba7 42. Bxa7 Nxa7 43. Kf3 Kd6 44. Ke3 Kc5 45. Nc2 Kc4 46. h3 Kb3 47. Kd3
e4+ 48. Kd4 Kxc2 49. g4 Kb2 50. gxf5 gxf5 51. Ke3 c2 52. h4 c1=Q+ 53. Kd4 Qd2+
54. Ke5 e3 55. Kf6 e2 56. Kg7 e1=Q 57. Kh8 Qh6 58. h5 Qe8# 0-1

[Event "Titled Tue 10th Jun Late"]
[Site "chess.com INT"]
[Date "2025.06.10"]
[Round "1"]
[White "Demaria, Juan Pablo"]
[Black "Martinez Alcantara, Jose Eduardo"]
[Result "0-1"]
[WhiteTitle "FM"]
[BlackTitle "GM"]
[WhiteElo "2215"]
[BlackElo "2611"]
[WhiteFideId "104922"]
[BlackFideId "3805662"]
[EventDate "2025.06.10"]

1. e4 c5 2. Nf3 d6 3. d4 cxd4 4. Nxd4 a6 5. Nc3 e6 6. Be2 b5 7. a3 Bb7 8. O-O
Nd7 9. Re1 Ngf6 10. Bf1 Be7 11. Bg5 O-O 12. Qd2 h6 13. Bh4 Rc8 14. f3 Ne5 15. b3
Nxe4 16. Bxe7 Nxd2 17. Bxd8 Rfxd8 18. Nce2 Bxf3 19. gxf3 Ndxf3+ 20. Nxf3 Nxf3+
21. Kf2 Nxe1 22. Kxe1 Rxc2 23. a4 Rcc8 24. axb5 axb5 25. Nd4 b4 26. Ra4 Rc1+ 27.
Kf2 e5 28. Nf3 Rc2+ 29. Be2 Rb8 30. Ke3 Rb2 31. Bc4 g6 32. Ra7 Rf8 33. Rb7 Kg7
34. Rxb4 g5 35. Rb7 g4 36. Nh4 Kf6 37. Bd5 Kg5 38. Ng2 f5 39. Rg7+ Kf6 40. Rh7
Kg6 41. Rd7 f4+ 42. Kd3 f3 43. Ne3 f2 44. Rxd6+ Kg5 45. Bg2 Rxb3+ 46. Ke2 Rxe3+
47. Kxe3 f1=Q 48. Bxf1 Rxf1 49. Re6 Re1+ 50. Kf2 Re4 51. Re8 h5 52. Kg2 Kh4 53.
Rh8 Re2+ 54. Kg1 e4 55. Rh7 e3 56. Rh8 Rb2 57. Rh7 Rb1+ 58. Kg2 e2 0-1

[Event "Titled Tue 10th Jun Late"]
[Site "chess.com INT"]
[Date "2025.06.10"]
[Round "1"]
[White "Martinovici, Ilia"]
[Black "Ozen, Batuhan"]
[Result "1-0"]
[WhiteTitle "IM"]
[BlackTitle "CM"]
[WhiteElo "2452"]
[BlackElo "2128"]
[WhiteFideId "13907034"]
[BlackFideId "6345123"]
[EventDate "2025.06.10"]

1. d4 Nf6 2. c4 e6 3. Nc3 d5 4. cxd5 exd5 5. Bg5 Be7 6. e3 O-O 7. Bd3 c6 8. Qc2
Re8 9. Bxf6 Bxf6 10. Bxh7+ Kf8 11. Nge2 g6 12. Bxg6 fxg6 13. Qxg6 Qe7 14. O-O-O
Qg7 15. Qxg7+ Kxg7 16. Nf4 Bf5 17. Rde1 Nd7 18. f3 Bg5 19. g4 Bxf4 20. exf4 Bd3
21. Kd2 Bh7 22. h4 Rxe1 23. Rxe1 Kf8 24. f5 Bg8 25. h5 b5 26. Ne2 Re8 27. Rc1
Rc8 28. Nf4 c5 29. dxc5 Ne5 30. Ng6+ Nxg6 31. fxg6 d4 32. b3 Bd5 33. Kd3 Kg7 34.
Rf1 Rf8 35. f4 Bg2 36. Rf2 Bh3 37. g5 Bg4 38. h6+ Kxg6 39. Kxd4 Rd8+ 40. Ke5 Bf5
41. c6 Rd1 42. Rh2 Re1+ 43. Kd6 Kh7 44. c7 Rd1+ 45. Kc6 Rc1+ 46. Kb7 a5 47. Rd2
a4 48. bxa4 bxa4 49. Rd8 Rb1+ 50. Ka7 Rc1 51. Kb6 Rb1+ 52. Ka5 Rc1 53. Rf8 Bg4
54. Rf7+ Kg6 55. Rg7+ Kf5 56. h7 1-0

[Event "Titled Tue 10th Jun Late"]
[Site "chess.com INT"]
[Date "2025.06.10"]
[Round "1"]
[White "Kornienko, Konstantin"]
[Black "Erigaisi, Arjun"]
[Result "1-0"]
[WhiteTitle "CM"]
[BlackTitle "GM"]
[WhiteElo "2141"]
[BlackElo "2782"]
[WhiteFideId "34400419"]
[BlackFideId "35009192"]
[EventDate "2025.06.10"]

1. d4 b6 2. c4 Bb7 3. Nc3 e6 4. a3 Nf6 5. Nf3 Be7 6. e3 O-O 7. Bd3 d5 8. cxd5
exd5 9. Ne5 c5 10. f4 Nc6 11. Bb1 cxd4 12. exd4 Na5 13. O-O Ne4 14. Ba2 Nxc3 15.
bxc3 Rc8 16. Qd3 Qc7 17. Bd2 f6 18. Bb1 f5 19. Ba2 Bxa3 20. g4 Nc4 21. Bxc4 dxc4
22. Qh3 fxg4 23. Qxg4 Qd6 24. Rfe1 Bd5 25. f5 b5 26. Bf4 b4 27. Ng6 Qd7 28. Ne7+
Kh8 29. Nxc8 Qxc8 30. Re7 Rf7 31. Rae1 Qg8 32. Rxf7 Bxf7 33. Be5 bxc3 34. f6 g6
35. Qe2 Qc8 36. Qf2 Qg4+ 37. Bg3 Qf5 38. Qe3 Kg8 39. d5 Qxd5 40. Bf2 Bd6 41.
Qxa7 Qg5+ 42. Kf1 Qxf6 43. Qa8+ Kg7 44. Qe4 Bc5 45. Re2 g5 46. Kg1 Qb6 47. Qe5+
Kg6 48. Bxc5 Qb1+ 49. Re1 c2 50. Qe4+ Kh5 51. Rxb1 Bg6 52. Qe2+ g4 53. Rc1 1-0

[Event "Titled Tue 10th Jun Late"]
[Site "chess.com INT"]
[Date "2025.06.10"]
[Round "1"]
[White "Forgacs, Attila Jr."]
[Black "Shuvalova, Polina"]
[Result "0-1"]
[WhiteTitle "FM"]
[BlackTitle "IM"]
[WhiteElo "2264"]
[BlackElo "2480"]
[WhiteFideId "773654"]
[BlackFideId "24171760"]
[EventDate "2025.06.10"]

1. e4 c6 2. d4 d5 3. Nd2 dxe4 4. Nxe4 Nf6 5. Nxf6+ exf6 6. c3 Bd6 7. Bd3 O-O 8.
Qc2 Re8+ 9. Ne2 h5 10. Be3 Nd7 11. O-O-O Nf8 12. Ng3 g6 13. Ne4 Be7 14. h3 Be6
15. Kb1 b5 16. g4 h4 17. Nc5 Bc4 18. Bxc4 bxc4 19. Rhe1 Rb8 20. f4 Qd5 21. Bf2
Bxc5 22. dxc5 Rxe1 23. Bxe1 Qf3 24. Bxh4 Qxf4 25. Qf2 Qe4+ 26. Ka1 g5 27. Bg3
Re8 28. Qxf6 Qg6 29. Qxg6+ Nxg6 30. a4 Re3 31. Bf2 Rxh3 32. Rd6 Rf3 33. Bd4 Ne7
34. Bf6 Nd5 35. Bxg5 Rg3 36. Rxc6 Rxg4 37. Bd8 Ne3 38. Rd6 Rg1+ 39. Ka2 Nc2 40.
b3 Rg2 41. Kb1 Na3+ 42. Kc1 cxb3 43. Rd2 Rxd2 44. Kxd2 b2 45. c6 b1=Q 46. c7 Qb7
47. Kd3 Qc8 48. Kd4 Qd7+ 49. Kc5 f5 50. c4 f4 51. a5 f3 52. Kb4 Qc8 53. Kxa3 f2
54. Kb4 f1=Q 55. c5 Qf7 56. Kc3 Qd5 57. Kb4 Qcb7+ 58. Kc3 Qbb3# 0-1

[Event "Titled Tue 10th Jun Late"]
[Site "chess.com INT"]
[Date "2025.06.10"]
[Round "1"]
[White "Goryachkina, Aleksandra"]
[Black "Mai, Alexander Oliver"]
[Result "1-0"]
[WhiteTitle "GM"]
[BlackTitle "CM"]
[WhiteElo "2533"]
[BlackElo "2171"]
[WhiteFideId "4147103"]
[BlackFideId "2313391"]
[EventDate "2025.06.10"]

1. e4 c5 2. Nf3 d6 3. d4 cxd4 4. Nxd4 Nf6 5. Nc3 g6 6. Be3 Bg7 7. f3 O-O 8. Qd2
Nc6 9. O-O-O d5 10. exd5 Nxd5 11. Nxc6 bxc6 12. Bd4 e5 13. Bc5 Re8 14. Ne4 Qc7
15. Bc4 Be6 16. h4 Rad8 17. Bb3 h6 18. Qf2 f5 19. Nd2 Rd7 20. h5 g5 21. Rhe1 Bf7
22. g4 Be6 23. gxf5 Bxf5 24. Ne4 Rf8 25. Bxf8 Kxf8 26. Nc5 Rd8 27. Qd2 Qb6 28.
Ne4 a5 29. a4 Rb8 30. Qf2 Qc7 31. Qc5+ Ne7 32. Nd6 Bh7 33. Rxe5 Rd8 34. Re2 Bg8
35. Bxg8 Kxg8 36. Red2 Nd5 37. Rxd5 Qb8 38. R5d4 Rf8 39. Qc4+ Kh7 40. c3 Rxf3
41. R4d3 Rf2 42. R3d2 Rf4 43. Qd3+ Kh8 44. Nc4 Qb3 45. Na3 Rxa4 46. Qc2 Rxa3 47.
Rd8+ Bf8 48. Rxf8+ Kg7 49. Qxb3 Rxb3 50. Rc8 g4 51. Rxc6 Rb7 52. Rg6+ Kh7 53.
Rxg4 a4 54. Rxa4 Rc7 55. Rad4 Re7 56. Rd7 Kg8 57. Rxe7 Kh8 58. Rb7 Kg8 59. Rd8# 1-0

[Event "Titled Tue 10th Jun Late"]
[Site "chess.com INT"]
[Date "2025.06.10"]
[Round "1"]
[White "Matinian, Nikita"]
[Black "Cuellar Montes, Alejandro"]
[Result "1-0"]
[WhiteTitle "GM"]
[BlackTitle "CM"]
[WhiteElo "2421"]
[BlackElo "2173"]
[WhiteFideId "24129100"]
[BlackFideId "32096836"]
[EventDate "2025.06.10"]

1. e4 e5 2. Nf3 Nc6 3. Bb5 a6 4. Ba4 Nf6 5. O-O Be7 6. d3 d6 7. c4 O-O 8. Nc3
Nd7 9. Be3 Re8 10. Rc1 Bf8 11. Bxc6 bxc6 12. d4 exd4 13. Nxd4 Ne5 14. b3 c5 15.
Nf5 Bxf5 16. exf5 Qh4 17. h3 c6 18. Qc2 Rad8 19. Rcd1 Nd7 20. Qe2 Nf6 21. Qf3
Ne4 22. Nxe4 Qxe4 23. Qxe4 Rxe4 24. Rd3 d5 25. Rfd1 d4 26. Bd2 Rde8 27. Kf1 R4e5
28. g4 h5 29. f3 hxg4 30. hxg4 Re2 31. Re1 Rxe1+ 32. Bxe1 a5 33. a4 Ra8 34. Kg2
Bd6 35. Bd2 Kf8 36. f4 f6 37. Rh3 Kf7 38. Kf3 Rb8 39. Ke2 Bc7 40. g5 fxg5 41.
fxg5 Re8+ 42. Kd3 Rb8 43. Kc2 Re8 44. Rh7 Rg8 45. f6 Kg6 46. Rxg7+ Rxg7 47. fxg7
Kxg7 48. Kd3 Kg6 49. Ke4 Bd8 50. Ke5 Bxg5 51. Bxa5 d3 52. Kd6 d2 53. Bxd2 Bxd2
54. Kxc5 Kf6 55. Kxc6 Ke6 56. c5 Ke7 57. Kb7 Kd8 58. c6 Ba5 59. b4 Bc7 60. b5
Ba5 61. b6 Bxb6 62. Kxb6 Kc8 63. c7 1-0

[Event "Titled Tue 10th Jun Late"]
[Site "chess.com INT"]
[Date "2025.06.10"]
[Round "1"]
[White "Kalyani Sirin"]
[Black "Shapiro, Daniel"]
[Result "1/2-1/2"]
[WhiteTitle "WFM"]
[BlackTitle "FM"]
[WhiteElo "2138"]
[BlackElo "2284"]
[WhiteFideId "33323500"]
[BlackFideId "2001780"]
[EventDate "2025.06.10"]

1. e4 c5 2. Nf3 Nc6 3. Bb5 Nf6 4. d3 g6 5. Bxc6 dxc6 6. Nc3 Bg7 7. h3 O-O 8. Be3
b6 9. O-O Nd7 10. Nh2 e5 11. f4 exf4 12. Bxf4 Ne5 13. Nf3 Qe7 14. Qe2 a5 15. Kh1
Ba6 16. Qf2 Rad8 17. Qg3 Rfe8 18. Bg5 f6 19. Nxe5 Qxe5 20. Qxe5 Rxe5 21. Bxf6
Bxf6 22. Rxf6 c4 23. Rxc6 cxd3 24. Rxb6 dxc2 25. Rc1 Bd3 26. Kh2 Rf8 27. Nd5 Rf2
28. Rc6 Rd2 29. Ne3 Rg5 30. h4 Re5 31. Nxc2 Rxe4 32. Ne1 Bf1 33. R6c2 Rxe1 34.
Rxe1 Rxc2 35. Rxf1 Rxb2 36. a4 Rb4 37. Ra1 Rxh4+ 38. Kg3 Rb4 39. Kf3 Kg7 40. g3
Kf6 41. Kg2 g5 42. Kh3 h5 43. Kg2 g4 44. Ra2 Ke5 45. Re2+ Kd5 46. Ra2 Kc4 47.
Kf1 Kb3 48. Rh2 Rxa4 49. Rxh5 Ra1+ 50. Ke2 a4 51. Rg5 a3 52. Rxg4 a2 53. Rg7 Rb1
54. Rb7+ Kc2 55. Rc7+ Kb3 56. Rb7+ Ka3 57. Ra7+ Kb3 58. Rb7+ 1/2-1/2

[Event "Titled Tue 10th Jun Late"]
[Site "chess.com INT"]
[Date "2025.06.10"]
[Round "1"]
[White "Demirtas, Alper"]
[Black "Rodrigues, Leonardo De Miranda"]
[Result "1-0"]
[WhiteTitle "CM"]
[WhiteElo "2205"]
[BlackElo "2111"]
[WhiteFideId "44576781"]
[BlackFideId "2108658"]
[EventDate "2025.06.10"]

1. Nf3 b6 2. c4 Bb7 3. g3 Nf6 4. Bg2 e6 5. O-O c5 6. Nc3 Be7 7. Re1 d5 8. cxd5
Nxd5 9. d4 O-O 10. Nxd5 Bxd5 11. e4 Bb7 12. Bf4 cxd4 13. Nxd4 Nd7 14. Nb5 e5 15.
Be3 Nf6 16. Bg5 a6 17. Nc3 Qxd1 18. Rexd1 Rfd8 19. f3 h6 20. Be3 b5 21. Bb6 Rdc8
22. a3 Bc5+ 23. Bxc5 Rxc5 24. Rd6 Rac8 25. Rad1 Kf8 26. Bh3 R8c7 27. Rd8+ Ke7
28. Rb8 a5 29. Bf1 b4 30. Nb5 bxa3 31. Nxc7 Rxc7 32. bxa3 Nd7 33. Rg8 g6 34. Bb5
Nc5 35. Re8+ Kf6 36. Rd6+ Kg7 37. a4 Nb3 38. Rdd8 Nd4 39. Rg8+ Kf6 40. Kg2 Nxb5
41. axb5 Rc2+ 42. Kh3 Rc3 43. Rd7 Bc8 44. Rxc8 Rxc8 45. Ra7 Rb8 46. Rxa5 Ke7 47.
Kg4 f6 48. f4 Ke6 49. f5+ gxf5+ 50. exf5+ Kd5 51. Ra6 Rg8+ 52. Kf3 Kc5 53. Rxf6
Kxb5 54. Ke4 Re8 55. Re6 Kc4 56. Rxe8 1-0

[Event "Titled Tue 10th Jun Late"]
[Site "chess.com INT"]
[Date "2025.06.10"]
[Round "1"]
[White "Sivakumar, Ashvin"]
[Black "Mishra, Abhimanyu"]
[Result "0-1"]
[WhiteTitle "FM"]
[BlackTitle "GM"]
[WhiteElo "2175"]
[BlackElo "2611"]
[WhiteFideId "5804655"]
[BlackFideId "30920019"]
[EventDate "2025.06.10"]

1. e4 c5 2. Nf3 d6 3. Be2 Nf6 4. d3 g6 5. O-O Bg7 6. c3 O-O 7. h3 Nc6 8. Be3 b5
9. Nbd2 b4 10. Qc2 Ba6 11. Rfe1 Nd7 12. Rac1 Rc8 13. Qa4 Qb6 14. Bf1 Bb5 15. Qd1
a5 16. c4 Ba6 17. b3 Bb7 18. g3 Ra8 19. Bg2 a4 20. h4 axb3 21. axb3 Ra2 22. h5
Rfa8 23. hxg6 hxg6 24. Nf1 Nde5 25. N1h2 Nxf3+ 26. Nxf3 Bc8 27. Ng5 Bc3 28. Re2
Ra1 29. Rec2 Nd4 30. Bxd4 Bxd4 31. Kh2 Rxc1 32. Rxc1 Ra2 33. Rc2 Ra3 34. Rd2 Kg7
35. Bh3 Bxh3 36. Kxh3 Bf6 37. Nf3 Bc3 38. Re2 e5 39. Kg2 Ra1 40. Qc2 Qa6 41. d4
cxd4 42. Qd3 Ra3 43. Ng5 Rxb3 44. Qf3 Qxc4 45. Qg4 d3 46. Re3 Ra3 47. Rf3 Ra7
48. Qh4 d2 49. Qh7+ Kf8 50. Qh8+ Ke7 51. Rxf7+ Qxf7 52. Nxf7 d1=Q 53. Ng5 Bd4
54. Qg7+ Kd8 55. Ne6+ Kc8 56. Qf8+ Kd7 57. Qf7+ Kc6 58. Qe8+ Kb6 59. Qb8+ Ka6
60. Qc8+ Ka5 61. Qd8+ Bb6 62. Qc8 Qe2 63. Qc6 Qxf2+ 0-1

[Event "Titled Tue 10th Jun Late"]
[Site "chess.com INT"]
[Date "2025.06.10"]
[Round "1"]
[White "Papasimakopoulos, Alexandros"]
[Black "Xia, Joshua"]
[Result "1/2-1/2"]
[WhiteTitle "IM"]
[WhiteElo "2366"]
[BlackElo "2035"]
[WhiteFideId "4244125"]
[BlackFideId "30987830"]
[EventDate "2025.06.10"]

1. d4 Nf6 2. c4 g6 3. Nc3 d5 4. Nf3 Bg7 5. Qb3 dxc4 6. Qxc4 O-O 7. e4 a6 8. Be2
b5 9. Qb3 Bb7 10. e5 Nd5 11. O-O Nxc3 12. bxc3 Bd5 13. Qb4 Nd7 14. Bf4 Nb6 15.
Nd2 Qd7 16. h3 Bb7 17. Bg4 Qd8 18. Bg3 h5 19. Bf3 Bxf3 20. Nxf3 Nd5 21. Qc5 Qd7
22. Rfe1 e6 23. Ng5 Rfd8 24. Ne4 Bf8 25. Qxd5 Qxd5 26. Nf6+ Kg7 27. Nxd5 Rxd5
28. Bf4 Be7 29. Be3 Rad8 30. a4 c5 31. axb5 axb5 32. Reb1 cxd4 33. cxd4 b4 34.
Ra7 R8d7 35. Rxd7 Rxd7 36. Kf1 Rb7 37. Rb3 Rc7 38. Ke2 Rc2+ 39. Kd3 Ra2 40. g4
h4 41. Bd2 Ra1 42. Kc4 Ra2 43. Be3 Ra1 44. d5 exd5+ 45. Kxd5 Rd1+ 46. Ke4 Rh1
47. Bd2 Rh2 48. Be1 Rh1 49. Bxb4 Bxb4 50. Rxb4 Rxh3 51. Rb7 Rh1 52. f4 h3 53.
Kf3 Rf1+ 54. Kg3 h2 55. Kxh2 Rxf4 56. e6 Kf8 57. Kg3 Rf6 58. exf7 Rxf7 59. Rb6
Kg7 60. Kh4 Rd7 61. Rb5 Rc7 62. Kg5 Rd7 63. Re5 Rc7 64. Rd5 Rb7 65. Kf4 Rc7 66.
Ke5 Re7+ 67. Kf4 Rf7+ 68. Ke4 Re7+ 69. Kd4 Rf7 70. g5 Rf4+ 71. Ke3 Rf5 72. Rxf5
gxf5 73. Kf3 Kf7 74. Kg3 Kg7 75. Kf3 Kf7 76. Kg3 Kg7 77. Kf3 1/2-1/2

[Event "Titled Tue 10th Jun Late"]
[Site "chess.com INT"]
[Date "2025.06.10"]
[Round "1"]
[White "Platzgummer, Fabian"]
[Black "Miserendino, Alfredo"]
[Result "1-0"]
[WhiteTitle "IM"]
[WhiteElo "2293"]
[BlackElo "2032"]
[WhiteFideId "1617222"]
[BlackFideId "101800"]
[EventDate "2025.06.10"]

1. Nf3 c5 2. c4 e6 3. Nc3 d5 4. cxd5 exd5 5. d4 Nf6 6. Bg5 Be6 7. e3 h6 8. Bxf6
Qxf6 9. Bb5+ Nc6 10. dxc5 Bxc5 11. Nxd5 Bxd5 12. Qxd5 Bb4+ 13. Kf1 O-O 14. Bxc6
bxc6 15. Qd4 Qe7 16. Qe5 Qb7 17. g3 c5 18. Kg2 Rfe8 19. Qf5 Re6 20. Rhd1 Rae8
21. Qd5 Qa6 22. a3 Ba5 23. Qxc5 Bb6 24. Qc2 Qb7 25. Qb3 Rf6 26. Qd5 Qa6 27. Qd3
Qb7 28. Qd5 Qa6 29. Rac1 Bxe3 30. Rc2 Bb6 31. Rcd2 g6 32. Ne5 Rf5 33. Re1 Rd8
34. Qc4 Qb7+ 35. Qc6 Qxc6+ 36. Nxc6 Rxd2 37. Ne7+ Kg7 38. Nxf5+ gxf5 39. Rf1
Rxb2 40. Kf3 h5 41. h4 Kg6 42. g4 Rb3+ 43. Kf4 hxg4 44. Rc1 Rxa3 45. Rc6+ Kg7
46. h5 Ra2 47. h6+ Kh7 48. Kg5 g3 49. fxg3 Ra4 50. Kxf5 Ra3 51. g4 Rf3+ 52. Kg5
Rh3 53. Kf5 Rf3+ 54. Ke4 1-0

[Event "Titled Tue 10th Jun Late"]
[Site "chess.com INT"]
[Date "2025.06.10"]
[Round "1"]
[White "McDonald, Jhustice-Dimonte"]
[Black "Robert, Yoann"]
[Result "1/2-1/2"]
[WhiteTitle "CM"]
[BlackTitle "CM"]
[WhiteElo "2032"]
[BlackElo "2203"]
[WhiteFideId "7402481"]
[BlackFideId "36018805"]
[EventDate "2025.06.10"]

1. Nf3 f5 2. g3 Nf6 3. Bg2 d6 4. O-O e5 5. d4 e4 6. Nfd2 d5 7. c4 c6 8. Nc3 Be7
9. f3 O-O 10. Rb1 a5 11. a3 Qe8 12. b4 axb4 13. axb4 Qg6 14. b5 Be6 15. bxc6
bxc6 16. Rb7 Nbd7 17. c5 h5 18. Nb3 h4 19. Bf4 Nh5 20. Kf2 Nxf4 21. gxf4 e3+ 22.
Kxe3 Qxg2 23. Rg1 Qxh2 24. Rh1 Qg3 25. Rg1 Rfb8 26. Rxb8+ Rxb8 27. Rxg3 hxg3 28.
Na5 Nxc5 29. Nxc6 Re8 30. Nxe7+ Rxe7 31. dxc5 d4+ 32. Kd3 dxc3 33. Kxc3 Rc7 34.
Kb4 Rb7+ 35. Kc3 Kf7 36. Qg1 Rb3+ 37. Kc2 Rb5 38. c6 Bd5 39. c7 Be6 40. Qxg3
Rc5+ 41. Kd2 Rxc7 42. Qg5 Rd7+ 43. Ke1 Ra7 44. Kf2 Rd7 45. Qh5+ Ke7 46. Qg5+ Kf7
47. e4 g6 48. e5 Kg8 49. Qf6 Bb3 50. e6 Rd2+ 51. Kg3 Re2 52. Qf7+ Kh8 53. Qf8+
Kh7 54. e7 Ba4 55. Qf7+ Kh6 56. Qf8+ Kh7 57. Qf6 Be8 58. Kh4 Rh2+ 59. Kg3 Re2
60. Qf8 Ba4 1/2-1/2

[Event "Titled Tue 10th Jun Late"]
[Site "chess.com INT"]
[Date "2025.06.10"]
[Round "1"]
[White "Adewumi, Tanitoluwa"]
[Black "Anandh, Vijay Srinivas"]
[Result "1-0"]
[WhiteTitle "FM"]
[WhiteElo "2362"]
[BlackElo "2011"]
[WhiteFideId "30966396"]
[BlackFideId "30975794"]
[EventDate "2025.06.10"]

1. Nf3 Nf6 2. d4 e6 3. c4 d5 4. Nc3 Bb4 5. cxd5 exd5 6. Bg5 h6 7. Bxf6 Qxf6 8.
Qa4+ Nc6 9. e3 O-O 10. Bd3 Be6 11. O-O a6 12. Rac1 Bd6 13. a3 Ne7 14. b4 Bg4 15.
Nd2 Qh4 16. g3 Qh3 17. Rfe1 f5 18. Bf1 Qh5 19. Bg2 c6 20. Qc2 Bh3 21. Qd1 Bg4
22. f3 Bh3 23. f4 Bg4 24. Qb3 Kh8 25. Kf2 Bh3 26. Qd1 Bg4 27. Qb3 Bh3 28. Nf3
Ng8 29. Nh4 Bxg2 30. Kxg2 Nf6 31. Qd1 Qxd1 32. Rcxd1 Kg8 33. Nxf5 Bc7 34. h3
Rfe8 35. Kf3 Ne4 36. Nxe4 Rxe4 37. g4 Rae8 38. Ng3 R4e7 39. e4 dxe4+ 40. Nxe4
Kh8 41. Re2 Rf8 42. f5 Rd8 43. Nc5 Rxe2 44. Kxe2 Bb6 45. Nxb7 Rxd4 46. Rxd4 Bxd4
47. Kd3 Bf2 48. Kc4 Kg8 49. Nd8 Kf8 50. Nxc6 Kf7 51. Ne5+ Kf6 52. Nf3 g6 53.
fxg6 Kxg6 54. a4 h5 55. Kd5 hxg4 56. hxg4 Kf6 57. Kc6 Ke6 58. Kb7 Kd5 59. Kxa6
Ke4 60. Nd2+ Kf4 61. b5 Kxg4 62. b6 Kf5 63. a5 Ke6 64. Kb7 Kd7 65. a6 Be3 66.
Nc4 Bc5 67. a7 Bd6 68. Nxd6 Kxd6 69. a8=Q Kd5 70. Kc7+ Ke5 71. b7 Kf4 72. b8=R
Kg3 73. Rb6 Kh2 74. Qa6 Kg1 75. Rb5 Kh2 76. Qa5 Kg1 77. Qa4 Kf1 78. Rb4 Ke1 79.
Rb3 Kd1 80. Qa3 Ke1 81. Qa2 Kf1 82. Rb2 Kg1 83. Rb1# 1-0

[Event "Titled Tue 10th Jun Late"]
[Site "chess.com INT"]
[Date "2025.06.10"]
[Round "1"]
[White "Saez Coma, Alejandro"]
[Black "Sychev, Klementy"]
[Result "1/2-1/2"]
[WhiteTitle "CM"]
[BlackTitle "GM"]
[WhiteElo "2167"]
[BlackElo "2513"]
[WhiteFideId "32004818"]
[BlackFideId "4114060"]
[EventDate "2025.06.10"]

1. d4 Nf6 2. Nf3 g6 3. Bf4 Bg7 4. Nc3 d5 5. Qd2 O-O 6. Bh6 Ne4 7. Nxe4 dxe4 8.
Bxg7 Kxg7 9. Ne5 c5 10. e3 cxd4 11. Qxd4 f6 12. Nc4 Nc6 13. Qxd8 Rxd8 14. c3 f5
15. Be2 Rb8 16. Rd1 Be6 17. O-O b5 18. Na3 b4 19. cxb4 Nxb4 20. b3 Nxa2 21. Bc4
Rxd1 22. Rxd1 Nc3 23. Ra1 Bxc4 24. bxc4 Kf6 25. g3 g5 26. Nb5 Nxb5 27. cxb5 Rb7
28. Ra6+ e6 29. Kf1 h5 30. h3 h4 31. gxh4 gxh4 32. Kg2 Rxb5 33. Rxa7 Rb8 34. Rh7
Kg6 35. Rxh4 e5 36. f3 Rb2+ 37. Kg3 Re2 38. fxe4 Rxe3+ 39. Kf2 f4 40. Rg4+ Kh5
41. Rg8 Rxe4 42. Rh8+ Kg6 43. Rg8+ Kf7 44. Rg5 Re3 45. Rh5 Kg6 46. Rh4 Rb3 47.
Rg4+ Kf5 48. Rg8 Rb2+ 49. Kg1 Ke4 50. h4 Kf3 51. h5 Rb6 52. Rg6 Rb7 53. Re6 Rb1+
54. Kh2 e4 55. h6 Rb7 56. Rf6 e3 57. Kh3 e2 58. Re6 Kf2 59. Kg4 e1=Q 60. Rxe1
Kxe1 61. Kxf4 Kf2 62. Kg5 Kg3 63. Kg6 Kg4 64. h7 Rb6+ 65. Kg7 Rb7+ 66. Kg6 Rb6+
67. Kg7 Rb7+ 68. Kg6 1/2-1/2